000 00251nam a22000977a 4500
999 _c11213
_d11213
008 181009b ||||| |||| 00| 0 eng d
020 _a9788182966802
100 _aCBSE
_96967
245 _aMENTOR IN SCIENCE X
260 _aNEW DELHI
_bArya publicayion
_c2018